Guia de les escoles públiques de Catalunya : Pre-escolar, EGB, Educació especial Pre-escolar, EGB, Educació especial
Publicado:
Barcelona :
Generalitat de Catalunya, Departament d'Ensenyament, Secretaria General Tècnica ,
1982
Descripción Física:
108 p. ; 24 cm
Materias:
Escoles públiques -- Catalunya -- Guies
MARC
| LEADER | 00000nam a2200000Ia 4500 | ||
|---|---|---|---|
| 001 | 589 | ||
| 008 | 160829s1982 xx 000 0 cat d | ||
| 080 | |a E-1-79 | ||
| 245 | |a Guia de les escoles públiques de Catalunya : |b Pre-escolar, EGB, Educació especial | ||
| 260 | |a Barcelona : |b Generalitat de Catalunya, Departament d'Ensenyament, Secretaria General Tècnica, |c 1982 | ||
| 300 | |a 108 p. ; |c 24 cm | ||
| 650 | |a Escoles públiques |x Catalunya |x Guies |9 26763 | ||
| 710 | |a Catalunya. |b Departament d'Ensenyament |9 52899 | ||
| 901 | |a Arxiu | ||
| 942 | |n 1 | ||
| 952 | |0 0 |1 0 |4 0 |6 E179 |7 1 |9 44126 |a Arxiu |b Arxiu |d 2016-12-01 |l 0 |o E-1-79 |p 589 |r 2016-12-01 00:00:00 |w 2016-12-01 |y ARXIU | ||
| 999 | |c 46706 |d 46706 | ||